Estudio taxonómico preliminar de nematodos de vida libre del estuario de Bahía Blanca /
Guardado en:
| Autor Principal: | |
|---|---|
| Autor Corporativo: | |
| Otros Autores: | , |
| Formato: | Manuscrito |
| Idioma: | Spanish |
| Publicado: |
2010.
|
| Materias: | |
| Etiquetas: |
Agregar Etiqueta
Sin Etiquetas, Sea el primero en etiquetar este registro!
|
| LEADER | 01222ntm a22002655a 4500 | ||
|---|---|---|---|
| 001 | EUN.eunm003474 | ||
| 008 | 110322s2010####ag#a#####m####000#0#spa#d | ||
| 005 | 20260226111446.0 | ||
| 245 | 1 | 0 | |a Estudio taxonómico preliminar de nematodos de vida libre del estuario de Bahía Blanca / |c tesinista: Antonela Martelli ; directora: Catalina T. Pastor de Ward ; co-director: Néstor J. Cazzaniga. |
| 260 | |c 2010. | ||
| 300 | |a 42 h. : |b il. ; |c 30 cm. | ||
| 500 | |a "Tesina para optar al Título de Licenciado en Ciencias Biológicas". | ||
| 502 | |a Tesina (licenciatura)--Universidad Nacional del Sur. Departamento de Biología, Bioquímica y Farmacia, 2010. | ||
| 504 | |a Incluye referencias bibliográficas. | ||
| 100 | 1 | |a Martelli, Antonela. | |
| 700 | 1 | |a Pastor de Ward, Catalina T., |e dir. de tesina. | |
| 700 | 1 | |a Cazzaniga, Néstor J. |q (Néstor Jorge), |e co-dir. de tesina. | |
| 710 | 2 | |a Universidad Nacional del Sur. |b Departamento de Biología, Bioquímica y Farmacia. | |
| 082 | 0 | 4 | |a 595.13 |2 15 |
| 650 | 7 | |a Zoología. |2 unbist | |
| 650 | 7 | |a Nematoda. |2 Icyt | |
| 650 | 7 | |a Taxonomía. |2 Icyt | |
| 651 | 0 | |a Bahía Blanca (Argentina) | |
| 653 | |a Tesinas | ||
| 859 | |a AR-BaUNS |b BIB. CENTRAL - Sector A |h 595.13 |i M361 |p 129174/025 |t Ej.2 | ||
